000 00749nam a2200181 a 4500
008 120416s1992 ||||||||||||||||| || u
020 _a0521478693
050 _aQC 883.2.C5 Bur
100 _aBurroughs, William James
245 1 0 _aWeather cycles: real or imaginary?
260 _aCambridge
_bCUP
_c1992
300 _axiii, 207p. : ill.
350 _a0.00
650 _aCLIMATE AND WEATHER
650 _aATMOSPHERE
995 _aMAIN LIBRARY OPEN ACCESS
_D0.00
_e730558
_FCBU-MAIN LIBRARY (Kitwe)
_H1
_I24.95
_jQC 883.2.C5 Bur
_M1
_UAVAILABLE
_y027523
_ZMain Library Open Access Collection
995 _aMAIN LIBRARY OPEN ACCESS
_D0.00
_e727877
_FCBU-MAIN LIBRARY (Kitwe)
_H2
_I24.95
_jQC 883.2.C5 Bur
_M2
_UAVAILABLE
_y026359
_ZMain Library Open Access Collection
999 _c83088
_d83088